La France et son armée / (Record no. 71144)

MARC details
000 -LEADER
campo de control de longitud fija 00561nam a2200205 i 4500
001 - NÚMERO DE CONTROL
campo de control 71144
003 - IDENTIFICADOR DE NÚMERO DE CONTROL
campo de control ES-MaACL
005 - FECHA Y HORA DE LA ÚLTIMA TRANSACCIÓN
campo de control 20250918063028.0
007 - CAMPO FIJO DE DESCRIPCIÓN FÍSICA--INFORMACIÓN GENERAL
campo de control de longitud fija t|
008 - DATOS DE LONGITUD FIJA--INFORMACIÓN GENERAL
campo de control de longitud fija 040805s1949 fr ||||1| fre d
100 1# - ENTRADA PRINCIPAL--NOMBRE DE PERSONA
Nombre de persona Gaulle, Charles de,
Fechas asociadas al nombre 1890-1970
9 (RLIN) 56005
245 13 - MENCIÓN DEL TÍTULO
Título La France et son armée /
Mención de responsabilidad, etc. Charles de Gaulle.
250 ## - MENCION DE EDICION
Mención de edición Nouveau tirage.
260 ## - PUBLICACIÓN, DISTRIBUCIÓN, ETC.
Lugar de publicación, distribución, etc. Paris :
Nombre del editor, distribuidor, etc. Plon et Nourrit,
Fecha de publicación, distribución, etc. [1949]
300 ## - DESCRIPCIÓN FÍSICA
Extensión 277 p. ;
Dimensiones 19 cm.
490 1# - MENCIÓN DE SERIE
Mención de serie Présences
830 0# - PUNTO DE ACCESO ADICIONAL DE SERIE-TÍTULO UNIFORME
Título uniforme Présences
9 (RLIN) 182391
852 ## - LOCALIZACIÓN
Ubicación ES-MaACL
Número de control de estantería D-5500
Holdings
Estatus retirado Estado de pérdida Estado de daño No para préstamo Biblioteca de origen Biblioteca actual Ubicación en estantería Fecha de adquisición Fuente de adquisición Total de préstamos Signatura topográfica completa Código de barras Visto por última vez Precio de reemplazo Tipo de ítem Koha
        Biblioteca del Ateneo de Madrid Biblioteca del Ateneo de Madrid Sala Valle Inclán 17/01/2008     D-5500 901074493 23/02/2023 23/02/2023 Libro impreso